| 000 | 00478nam a2200181Ia 4500 | ||
|---|---|---|---|
| 003 | GCL | ||
| 008 | 140319s9999 xx 000 0 ara d | ||
| 040 |
_aGCL / _cGCL |
||
| 082 | 0 | 4 |
_a212 _bب ا |
| 100 | 1 | _aعفيف دمشقية | |
| 245 | 1 | 0 |
_aانسانية الاسلام / _cعفيف دمشقية |
| 700 | 1 | _aبوازار، مارسيل | |
| 300 | _a439 ص | ||
| 490 | _a | ||
| 650 | 0 | 4 | _aالاسلام |
| 650 | 0 | 4 | _aالاخلاق الاسلامية |
| 942 |
_2ddc _cBK |
||
| 999 |
_c41410 _d41410 |
||